El infinito en un junco : (Registro nro. 60631)

Detalles MARC
000 -CABECERA
Longitud fija campo de control 04341cam a2200493 i 4500
003 - • IDENTIFICADOR DELl NÚMERO DE CONTROL
Identificador del número de control CO-BoRNBP
005 - • FECHA Y HORA DE LA ÚLTIMA TRANSACCIÓN
Fecha y hora de la última transacción 20260227201224.0
007 - • CAMPO FIJO DE DESCRIPCIÓN FÍSICA
Campo fijo de descripción física ta
008 - • CÓDIGOS DE INFORMACIÓN DE LONGITUD FIJA
Códigos de información de longitud fija 210729r20242021ck er 001 edspa d
020 ## - • NÚMERO INTERNACIONAL NORMALIZADO PARA LIBROS
Número Internacional Normalizado para Libros (ISBN) 9789585579873
020 ## - • NÚMERO INTERNACIONAL NORMALIZADO PARA LIBROS
Número Internacional Normalizado para Libros (ISBN) 9585579871
040 ## - FUENTE DE LA CATALOGACIÓN
Centro catalogador de origen CO-BoUNC
Lengua de catalogación spa
Normas de descripción rda
Centro transcriptor CO-BoUNC
043 ## - CÓDIGO DE ÁREA GEOGRÁFICA
Código de área geográfica e-sp---
082 04 - • NÚMERO DE LA CLASIFICACIÓN DECIMAL DEWEY
Número de clasificación (R) 864.7
Número del ítem V182ei
Número de edición 23
082 04 - • NÚMERO DE LA CLASIFICACIÓN DECIMAL DEWEY
Número de clasificación (R) 864.7
Número del ítem V15I
Número de edición 23
082 04 - • NÚMERO DE LA CLASIFICACIÓN DECIMAL DEWEY
Número de clasificación (R) 864.7
Número del ítem V182i
Número de edición 23
084 ## - • Clasificación Local Alfanúmerica PNLB
Número de clasificación N VAS1
100 1# - • PUNTO DE ACCESO PRINCIPAL-NOMBRE DE PERSONA
Nombre de persona Vallejo Moreu, Irene
Fechas asociadas al nombre 1979-
Término indicativo de función autor
245 13 - • TITULO PROPIAMENTE DICHO
Título El infinito en un junco :
Resto del título la invención de los libros en el mundo antiguo /
Mención de responsabilidad, etc. Irene Vallejo.
250 ## - • MENCIÓN DE EDICIÓN
Mención de edición Primera edición
264 #1 - PRODUCCIÓN, PUBLICACIÓN , DISTRIBUCIÓN, FABRICACIÓN Y COPYRIGHT
Lugar de producción, publicación, distribución, fabricación Bogotá, Colombia :
Nombre del productor, editor, distribuidor, fabricante Penguin Random House Grupo Editorial ;
-- Debolsillo,
Fecha de de producción, publicación, distribución, fabricación o copyright 2024.
264 #3 - PRODUCCIÓN, PUBLICACIÓN , DISTRIBUCIÓN, FABRICACIÓN Y COPYRIGHT
Fecha de de producción, publicación, distribución, fabricación o copyright 2024.
264 #4 - PRODUCCIÓN, PUBLICACIÓN , DISTRIBUCIÓN, FABRICACIÓN Y COPYRIGHT
Fecha de de producción, publicación, distribución, fabricación o copyright 2021.
300 ## - • DESCRIPCIÓN FÍSICA
Extensión 451 páginas ;
Dimensiones 22 cm.
336 ## - TIPO DE CONTENIDO
Término de tipo de contenido texto
Código de tipo de contenido txt
Fuente rdacontent
337 ## - TIPO DE MEDIO
Nombre del tipo de medio sin mediación
Código del tipo de medio n
Fuente rdamedia
338 ## - TIPO DE SOPORTE
Nombre del tipo de soporte volumen
Código del tipo de soporte nc
Fuente rdacarrier
490 1# - • MENCIÓN DE SERIE
Mención de serie Biblioteca Irene Vallejo
500 ## - • NOTA GENERAL
Nota general Primera impresión en Colombia: junio, 2021
500 ## - • NOTA GENERAL
Nota general Reimpresiones: junio, 2021 (primera) ; agosto, 2021 (segunda) ; abril, 2024 (decimatercera) ; julio, 2024 (decimacuarta)
500 ## - • NOTA GENERAL
Nota general Incluye datos biográficos del autor en las páginas preliminares del libro
504 ## - • NOTA DE BIBLIOGRAFÍA, ETC
Nota de bibliografía, etc. Incluye referencias bibliográficas (páginas 435-443) el índice onomástico
505 0# - • NOTA DE CONTENIDO CON FORMATO
Nota de contenido con formato I. Grecia imagina el futuro -- La ciudad de los placeres y los libros -- Alejandro: el mundo nunca es suficiente -- El amigo macedonio -- Equilibrio al filo del abismo: la Biblioteca y el Museo de Alejandría -- Una historia de fuego y pasadizos -- La piel de los libros -- Una tarea detectivesca -- Homero como enigma y como ocaso -- El mundo perdido de la oralidad: un tapiz de ecos -- La revolución apacible del alfabeto -- Voces que salen de la niebla, tiempos indecisos -- Aprender a leer sombras -- El éxito de las palabras díscolas -- El primer libro -- Las librerías ambulantes -- La religión de la cultura -- Un hombre de memoria prodigiosa y un grupo de chicas vanguardistas -- Tejedoras de historias -- Es el otro quien me cuenta mi historia -- El drama de la risa y nuestra deuda con los vertederos -- Una apasionada relación con las palabras -- El veneno de los libros. Su fragilidad -- Las tres destrucciones de la Biblioteca de Alejandría -- Botes salvavidas y mariposas negras -- Así empezamos a ser tan extraños -- II. Los caminos de Roma -- Una ciudad con mala reputación -- La literatura de la derrota -- El umbral invisible de la esclavitud -- En el principio fueron los árboles -- Escritores pobres, lectores ricos -- Una joven familia -- Librero: oficio de riesgo -- Infancia y éxito de los libros de páginas -- Bibliotecas públicas en los palacios del agua -- Dos hispanos: el primer fan y el escritor maduro -- Herculano: la destrucción que preserva -- Ovidio choca contra la censura -- La dulce inercia -- Viaje al interior de los libros y cómo nombrarlos -- ¿Qué es un clásico? -- Canon: historia de un junco -- Añicos de voces femeninas -- Lo que se creía eterno resultó efímero -- Atrévete a recordar -- Epílogo. Los olvidados, las anónimas
520 1# - • NOTA DE RESUMEN
Resumen, etc, En esta obra exquisita sobre los orígenes del libro, Irene Vallejo recorre la historia del asombroso artefacto que nació hace cinco milenios, cuando los egipcios descubrieron el potencial de un junco al que llamaron papiro. Con gran sensibilidad y soltura narrativa, la autora se remonta a los campos de batalla de Alejandro, los palacios de Cleopatra, las primeras librerías o los talleres de copia manuscrita, pero también visita las hogueras donde ardieron códices prohibidos, la biblioteca de Sarajevo y el laberinto subterráneo de Oxford en el año 2000. Los tiempos se funden en la aventura colectiva de quienes solo han concebido la vida en compañía de la palabra escrita. Y este ensayo acaba prolongando el diálogo infinito del que tan magistralmente nos habla
650 17 - • PUNTO DE ACCESO ADICIONAL DE MATERIA - TÉRMINO DE MATERIA
Término de materia o nombre geográfico como elemento inicial Ensayos españoles
Subdivisión cronológica Siglo XXI
Fuente del encabezamiento o término LEMB
650 17 - • PUNTO DE ACCESO ADICIONAL DE MATERIA - TÉRMINO DE MATERIA
Término de materia o nombre geográfico como elemento inicial Libros
Subdivisión de materia general Historia
Fuente del encabezamiento o término LEMB
650 17 - • PUNTO DE ACCESO ADICIONAL DE MATERIA - TÉRMINO DE MATERIA
Término de materia o nombre geográfico como elemento inicial Bibliotecas
Subdivisión de materia general Historia
Fuente del encabezamiento o término LEMB
650 17 - • PUNTO DE ACCESO ADICIONAL DE MATERIA - TÉRMINO DE MATERIA
Término de materia o nombre geográfico como elemento inicial Libros y lectura
Subdivisión de materia general Historia
Fuente del encabezamiento o término LEMB
650 17 - • PUNTO DE ACCESO ADICIONAL DE MATERIA - TÉRMINO DE MATERIA
Término de materia o nombre geográfico como elemento inicial Libreros
Fuente del encabezamiento o término LEMB
650 17 - • PUNTO DE ACCESO ADICIONAL DE MATERIA - TÉRMINO DE MATERIA
Término de materia o nombre geográfico como elemento inicial Literatura española
Fuente del encabezamiento o término LEMB
830 #0 - • PUNTO DE ACCESO ADICIONAL DE SERIE - TÍTULO UNIFORME
Título uniforme Biblioteca Irene Vallejo
942 ## - ENTRADA DE ELEMENTOS AGREGADOS (KOHA)
Fuente de clasificaión o esquema Dewey Decimal Classification
Koha [por defecto] tipo de item LIbro
Existencias
Perdido Fuente de clasificación o esquema Estado Físico No para préstamo Forma de adquisición Localización permanente Localización actual Localización en estanterías Fecha adquisición Préstamos totales Signatura completa Código de barras Fecha última consulta Número de copia Fecha del precio de reemplazo Tipo de item de Koha
  Clasificación Local Facetada     Literatura General Biblioteca Pública San Juanito - Ernesto Maria Peña Romero Biblioteca Pública San Juanito - Ernesto Maria Peña Romero Literatura 02/27/2026   N VAS1 SJU02829 02/27/2026 Ej.1 02/27/2026 Libro Literatura









Instituto Departamental de Cultura del Meta - Red Departamental de Bibliotecas Públicas del Meta.